=LDR 00000nam 2200000 4500 =001 INLIS000000000036037 =005 20130612141837 =008 ***********************************ind** =035 ##$$0010-061300000036037 =041 ##$$a ind =082 ##$$a 330 =090 ##$$a 330, Nur p =100 ##$$a Nurdin, E Syarif =245 ##$$a Pegangan ekonomi SMA 2 =260 ##$$a 1988 $b Bandung =650 ##$$a Ekonomi =850 ##$$a NBPNMAT